Kematian

Bibliographic Details
Main Author: Muhammad Bin Harun
Format: Book
Published: Selangor : Penerbitan Orkid , 2003
Series:Siri kembara empat sekawan
Subjects:

MARC

LEADER 00000cam a2200000 7i4500
001 0000054946
005 20220105105355.0
008 151112
020 |a 983891357X 
090 0 0 |a AD   |b MAL 
100 1 |a Muhammad Bin Harun 
245 1 0 |a Kematian   |c Muhammad Bin Harun 
260 |a Selangor :   |b Penerbitan Orkid ,   |c 2003 
300 |a 30pg. :   |b ill. 
490 1 |a Siri kembara empat sekawan 
500 |a Children ages 7-9 years old (orange) 
650 0 |a Children's story, Malay 
999 |a 0000919588   |b Book   |c Children Collection   |e Cawangan Bukit Gambir 
999 |a 0000919589   |b Book   |c Children Collection   |e Cawangan Bukit Gambir 
999 |a 0000931371   |b Book   |c Children Collection   |e Cawangan Tangkak 
999 |a 0000931372   |b Book   |c Children Collection   |e Cawangan Tangkak 
999 |a 0000931373   |b Book   |c Children Collection   |e Cawangan Tangkak